| 000 | 00743nas a2200277 i 4500 | ||
|---|---|---|---|
| 001 | 1255 | ||
| 003 | ES-MaACL | ||
| 005 | 20250729062609.0 | ||
| 007 | t| | ||
| 008 | 950801c19892005sp | | 1 ||pa d | ||
| 040 |
_aES-MaACL _cES-MaACL |
||
| 080 | _a33 | ||
| 245 | 0 | 0 | _aIniciativa socialista. |
| 260 |
_aMadrid : _bIniciativa Socialista, _c1989-2005. |
||
| 300 |
_a19 v. ; _c25 cm. |
||
| 362 | 0 | _aN. 1/2 (abr. 1989)-N.77 (sept. 2005) | |
| 650 | 7 |
_aPolítica _2embne _9140345 |
|
| 650 | 1 | 7 |
_aEconomía _2embne _912006 |
| 655 | 7 |
_2tgfbne _9226866 _aRevistas |
|
| 785 | 0 | 0 |
_tTransversales _0168416 _w168416 |
| 852 |
_aES-MaACL _jHem-1837 |
||
| 866 | 0 | _o1989-2005 | |
| 942 |
_2udc _cPERIODICA |
||
| 955 | _bCRON CRON | ||
| 999 |
_c1255 _d1255 |
||